Nonlinear and mixed-integer optimization: fundamentals and applications

Gorde:
Xehetasun bibliografikoak
Egile nagusia: Floudas, Christodoulos A (Egilea)
Formatua: Liburua
Hizkuntza:ingelesa
Argitaratua: Nueva York Oxford University 1995
Saila:Topics in Chemical Engineering. A Series of Textbooks and Monographs
Gaiak:
Etiketak: Etiketa erantsi
Etiketarik gabe, Izan zaitez lehena erregistro honi etiketa jartzen!

MARC

LEADER 00000nam a2200000 a 4500
001 UCJ0799
003 CL-VaPUC
005 20230717131657.0
008 060908e19950000US |||||||||||||||||eng|d
999 |c 317554  |d 317552 
020 |a 0195100565 
040 |c Pontificia Universidad Católica de Valparaíso 
082 0 4 |a 660.28  |b FLO  |2 21 
100 0 |a Floudas, Christodoulos A  |e author  |9 501156 
245 1 0 |a Nonlinear and mixed-integer optimization: fundamentals and applications 
260 |a Nueva York  |b Oxford University  |c 1995 
300 |a 462 p 
490 0 |a Topics in Chemical Engineering. A Series of Textbooks and Monographs 
583 |a last modification  |c 20140409 12:00:55  |k Rodrigo Vera 
650 0 |a Optimización matemática  |9 259780 
650 7 |a INGENIERIA QUIMICA  |2 CL-VaPUC  |9 8 
650 0 |a Modelos matemáticos   |9 259437 
650 0 |a Programación de computadores   |9 259531 
942 |c BK  |2 ddc 
945 |d 20060908 00:00:00  |a cmena 
952 |0 0  |1 0  |4 0  |6 660_280000000000000_FLO_1995  |7 0  |8 A  |9 394039  |a BIBING  |b BIBING  |d 2019-11-22  |i 4275403  |l 3  |o 660.28 FLO 1995  |p 4275403  |r 2025-01-20  |s 2021-12-15  |w 2019-11-22  |y BK  |k EIB